00892cam a2200205 a 450000100100000000500170001000800410002704000250006808200240009310000440011724500440016126000750020530000170028050501160029750000450041365000490045865000520050795201120055999900150067100000632920200929153922.0971219s1973 pr b s000 0 spa  aDO-SdBNPbspacBNPHU aPR861.4408bL792ó1 aLlorens Torres, Luis,d1876-1944.9423410aObras completas /cLuis Llorens Torres. aSan Juan, Puerto Rico :bInstituto de Cultura Puertorriqueña,c1973. av. ;c23 cm.1 aVol. 1 Poesía : Al pie de la alhambra. Sonetos sinfónicos. Voces de la campana mayor. alturas de América. aLa biblioteca sólo posee el volumen 1. 4aPoesía puertorriqueñaxColecciones98932 4aLiteratura puertorriqueñaxColecciones917643 001052708MOaGRbGRcCTd2009-08-27iLF1l0ov.1p6329-10r2020-06-25w2020-06-25y2ZPréstamo interno c6124d6124